Statistics for Rhode Island Trivia

Click here to take the quiz!

General Stats

  • This quiz has been taken 2,831 times
  • The average score is 9 of 14

Answer Stats

Hint Answer % Correct
States that border Rhode IslandMassachusetts
95%
States that border Rhode IslandConnecticut
94%
Capital cityProvidence
91%
Ivy League universityBrown
79%
Only state with a higher population density than Rhode IslandNew Jersey
78%
Movie about a couple of morons who traveled from Rhode Island to AspenDumb and Dumber
72%
Sitcom set in the fictional town of QuahogFamily Guy
71%
From 1930 to 1983, Rhode Island hosted the America's Cup races in this sportSailing
70%
In real life, what is a quahog?a Clam
53%
City where many rich people built summer mansions during the Gilded AgeNewport
53%
This singer outraged fans by playing electric instruments at a 1965 folk festival
in Rhode Island
Bob Dylan
51%
State nicknameThe {Ocean} State
48%
Family that built "The Breakers" mansion in that cityVanderbilt
42%
Person who founded Rhode Island after being banished from MassachusettsRoger Williams
29%

Score Distribution

Percentile by Number Answered

Percent of People with Each Score

Your Score History

You have not taken this quiz